Personnages Joueurs de l'Empire - Noob/Olydri - Statistiques

Statistiques générales
  • Ce quiz a été pris 4 fois
  • Le résultat moyen est 10 sur 20
Statistiques - réponses
Hint Réponse % Correct
Guilde Noob Couette
100%
Guilde Justice Fantöm
100%
Guilde Noob Ivy
100%
Guilde Justice Omega Zell
100%
Guilde Justice Saphir
100%
Guilde Noob Sparadrap
100%
Guilde Justice Ystös
100%
Guilde Justice Castörga
67%
Guilde Noob Arthéon
67%
Guilde Justice Heimdäl
67%
Guilde Justice Mist
33%
Avatar de Camille Lavande Omega Zellette
33%
Guilde Justice Rubis
33%
Guilde Justice Arok
0%
Co-découvreur du Shonen Spirit Burst
0%
Guilde Noob Grobin des Doigts
0%
Guilde Justice Jibédix
0%
Nécromancien désespéré en Champ de Bataille Langlois
0%
Ancien champion de Pong Spark
0%
Guilde Justice Unster
0%
Aucun quiz correspondant
Distribution des résultats
% des personnes avec chaque résultat
Percentile par nombre de réponses
Votre historique - résultats
Vous n’avez pas pris ce quiz